000 00300nam a2200121Ia 4500
008 211105s9999 xx 000 0 und d
020 _aVYASA00113
100 _aWilliams Monier
245 2 _aA Dictionary Of English And Sanskrit
250 _a\N
260 _bMotilal banarsidass
_c\N
300 _a860p.
999 _c8244
_d8244